LEADER 00897nam a2200229 4500 001 000000342636 003 CaOOAMICUS 005 20201116122659.0 008 201020s1973 it 000 u ita r 040 $aSeMil$bita 100 1 $aMarie Yvonne .$0(OLS)http://semarc/name/49087 240 10$aSi vous n'étiez pas Dieu...$0(OLS)http://semarc/title/431484 245 10$aSe tu non fossi Dio /$cmadre Marie-Yvonne. 250 $a2. ed. 264 1$aRoma :$bCittà Nuova,$c1973. 300 $a191 p. ;$c20 cm 650 4$aMarie Yvonne - Lettere e carteggi.$0(OLS)http://semarc/subject/49657 850 $aSeMil 852 $aSeMil$W1$xVenegono$y1$m3F II 998$j222625$B233882$CSeMilBibl$Z2$F233882 $81 996 $6245$aSe tu non fossi Dio$9(OLS)http://semarc/title/431485 996 $6264$aRoma :$bCittà Nuova$9(OLS)http://semarc/publisher/29609 LEADER 01172nam a2200277 i 4500 001 000000196619 003 CaOOAMICUS 005 20110126000000.0 008 110126s1999 it u000 u ita u 013 $a175302 020 $a88-8049-161-X 040 $aSeMil$bita 100 1 $aSanarica, Marino.$0(OLS)http://semarc/name/71251 245 10$aLorenzo Perosi :$bcoscienza e tradizione in un'anima musicale /$cMarino Sanarica ; a cura di Alessandro Zignani. 260 $aRimini :$bGuaraldi,$c1999. 300 $a206 p. :$bill. ;$c31 cm. 500 $aDono del card. Dionigi Tettamanzi. 600 14$aPerosi, Lorenzo .$0(OLS)http://semarc/subject/16769 700 1 $aZignani, Alessandro.$0(OLS)http://semarc/name/71252 850 $aSeMil 852 $aSeMil$W1$xVenegono$y1$m3Q VI 64$j147182$B147182$CSeMilBibl$Z2$F166134 $81 941 1 $a5 961 $aOmaggio: Tettamanzi Card. Dionigi 996 $6020$a88-8049-161-X$9(OLS)http://semarc/number/188558 996 $6245$aLorenzo Perosi :$bcoscienza e tradizione in un'anima musicale$9(OLS)http://semarc/title/283901 996 $6260$aRimini :$bGuaraldi$9(OLS)http://semarc/publisher/32324 LEADER 01333nam a2200277 i 4500 001 000000160112 003 CaOOAMICUS 005 20070313000000.0 008 070313s2007 it u000 u ita u 013 $a137475 020 $a978-88-7839-083-6 040 $aSeMil$bita 100 1 $aBrighi, Davide <1972- >.$0(OLS)http://semarc/name/42119 245 10$aAssenso reale e scienze profane :$bil contributo di John Henry Newman ad una rinnovata regione teologica /$cDavide Brighi. 260 $aRoma :$bPontificia Università Gregoriana,$c2007. 300 $a218 p. ;$c24 cm. 490 0 $aTesi Gregoriana. Serie Teologia ;$v143 500 $aContiene : Bibliografia. 650 4$aNewman, John Henry <1801-1890> - Teologia fondamentale.$0(OLS)http://semarc/subject/17312 830 0$aTesi Gregoriana. Serie Teologia ;$v143.$0(OLS)http://semarc/title/351 850 $aSeMil 852 $aSeMil$W1$xVenegono$y1$m2M VI 243$j111590$B111590$CSeMilBibl$Z2$F121541 $81 961 $aOmaggio: Scuola Cattolica 996 $6020$a978-88-7839-083-6$9(OLS)http://semarc/number/75802 996 $6245$aAssenso reale e scienze profane :$bil contributo di John Henry Newman ad una rinnovata regione teologica$9(OLS)http://semarc/title/142507 996 $6260$aRoma :$bPontificia Università Gregoriana$9(OLS)http://semarc/publisher/29750 LEADER 01117nam a2200265 i 4500 001 000000068715 003 CaOOAMICUS 005 20170823000000.0 008 170823s1975 xxu u000 u eng u 013 $a39887 020 $a0-385-01029-X 040 $aSeMil$bita 245 10$aJudges /$cintroduction, translation, and commentary by Robert G. Boling. 260 $aGarden City, New York :$bDoubleday,$c1975. 300 $axxi, 338 p. :$bill. ;$c24 cm. 490 0 $aThe Anchor Bible ;$v6.A 650 4$aBibbia. Antico testamento. Giudici - Commentari, studi, critica, interpretazioni.$0(OLS)http://semarc/subject/8800 700 1 $aBoling, Robert G.$0(OLS)http://semarc/name/33803 830 4$aThe Anchor Bible ;$v6.A.$0(OLS)http://semarc/title/472 850 $aSeMil 852 $aSeMil$W1$xVenegono$y1$mSL1.R II 6A$j34868$B34868$CSeMilBibl$Z2$F34871 $8I 961 $aAcquisto: Casa editrice 996 $6020$a0-385-01029-X$9(OLS)http://semarc/number/46971 996 $6245$aJudges$9(OLS)http://semarc/title/109834 996 $6260$aGarden City, New York :$bDoubleday$9(OLS)http://semarc/publisher/29803 LEADER 01456nam a2200241 4500 001 000000359249 003 CaOOAMICUS 005 20260312125424.0 008 240806s1800 fr a 000 u fre r 026 $eeses ta2. t.a. foJu (7) 1800 (A) 040 $aSeMil$bita 100 11$aHuber, Michael,$d<1727-1804>.$0(OLS)http://semarc/name/120138 245 10$aTome quatrième renfermant la suite de l'École Italienne. 264 1$aA Zuric :$bchez Orell, Fussli et compagnie,$c1800. 300 $a265, [3] p. :$bill. ;$c8° 500 $aSegn.: [A]-Q? R? 700 1 $aRost, Carl Christian Heinrich,$d<1742-1798>.$0(OLS)http://semarc/name/120139 773 0 $aHuber, Michael <1727-1804>$tManuel des curieux et des amateurs de l'art, contenant une notice abrégée des principaux graveurs, et un catalogue raisonné de leurs meilleurs ouvrages; depuis le commencement de la gravure jusque à nos jours: les artistes ranges par ordre chronologique, et divisés par école. Par M. Huber et C. C. H. Rost. Tome 1. [-8.].$dA Londres : chez Henri Escher, Broadstreet Bloomsbury, 1797-1804.$g4$w()359245 850 $aSeMil 852 $aSeMil$W1$xVenegono$y1$m3XC IV 24 FA$j250125$B250292$CSeMilBibl$Z2$F250292 $8I 996 $6245$aTome quatrième renfermant la suite de l'École Italienne$9(OLS)http://semarc/title/449689 996 $6264$aA Zuric :$bchez Orell, Fussli et compagnie$9(OLS)http://semarc/publisher/61870